000 00211 a2200097 4500
001 49633
100 _aMulford
245 _aThought Forees
260 _aLondon
_bG Bell & sons Limited
_c
090 _c32148
_d32148
942 _aNUST-CAE
_cM
_c24612
999 _c284706
_d284706